000 00625 a2200193 4500
999 _c5469
_d5469
010 _aENG-86870
020 _c120.00
035 _aEN-70403
037 _bDBAD / PUB
082 1 4 _a382
100 1 _aRao, P. Subba
245 1 _aIntroduction to international business :
_cby P.Subba Rao
_bfor third semester BBM Bangalore University /
250 _a2nd ed
260 _aMumbai
_bHimalaya Publishing House
_c2006
270 _a"Ramdoot", Dr. Bhalerao Marg, Girgaon
_bMumbai
_e400 004
_cMah.
_mhimpub@vsnl.com
300 _avi, 217p
_c24cm (Pbk)
500 _aIncludes index
942 _adpl
_cEN
_2ddc
_h382
_mSUB